Cédric et les bâtons de Midgård (Record no. 14003)

MARC details
010 ## - Numéro international normalisé du livre (ISBN)
ISBN 9782957958153
Disponibilité et/ou prix 5 EUR
099 ## - Visibilité opac
notice masquée en opac Non
100 ## - Données générales de traitement
Données générales de traitement 20230130d2022 a y0frey50 ba
101 0# - Langue de la ressource
Langue du texte, de la bande son, etc. français
102 ## - Pays de publication ou de production
Pays de publication France
200 1# - Titre et mention de responsabilité
Titre propre Cédric et les bâtons de Midgård
Indication générale du type de document Livre
214 #0 - Mentions de production, publication, diffusion et manufacture
Nom de l’éditeur la Maison théâtre
Date de publication impr. 2022
214 #3 - Mentions de production, publication, diffusion et manufacture
Nom de l’éditeur Ott impr.
215 ## - Description physique
Nombre de pages 1 vol. (33 p.)
225 ## - Collection
Titre de la collection Les cahiers théâtre
Numéro de collection n° 6
300 ## - Notes générales
Texte de la note Commande de la Maison théâtre dans le cadre du projet "Dans la cour de notre mythologie"
323 ## - Nombre de personnages
Texte de la note 10 personnages
330 ## - Résumé ou extrait
Texte de la note Nawelle, Paco, ainsi qu'un groupe d'enfants parfois farfelus - les Didas - jouent le sauvetage du grand frêne qui aurait dû être abattu en 1989 pour l'aménagement du parc urbain Jean-Michel Jarre. Avant l'arrivée des machines, les enfants de Krisimalheim avaient remis la main sur un mystérieux objet découvert par Cédric quelques mois plus tôt. Formidable occasion de mettre à jour les origines anciennes de leur arbre-cabane, qui n'est pas sans rappeler le Yggdrasil des Vikings.<br/><br/>Adrien CORNAGGIA va puiser dans la mythologie nordique pour nous raconter une histoire tendre et décalée sur nos liens avec le passé et ses leçons pour le futur.
610 ## - Mot-clé
Mot-clé jeunesse
-- adolescence
-- mythologie
700 ## - Auteur principal
Nom Cornaggia
Prénom Adrien
Dates 1982-....
105 ## - Zone de données codées : textes, monographies
Données codées sur les monographies textuelles ||||z 00|a|
181 #0 - Zone de données codées : Forme de la ressource
Données de liaison entre champs 01
Forme du contenu selon l’ISBD sous forme codée i
Qualificatif(s) du contenu selon l’ISBD sous forme codée xxxe
181 ## - Zone de données codées : Forme de la ressource
Données de liaison entre champs 02
Autre référentiel utilisé pour coder la forme du contenu texte
Code du référentiel rdacontent
182 #0 - Zone de données codées : type de média
Données de liaison entre champs 01
Type de médiation selon l’ISBD sous forme codée sans média
182 ## - Zone de données codées : type de média
Données de liaison entre champs 02
Autre référentiel utilisé pour coder le type de médiation sans média
Code du référentiel rdamedia
214 #0 - Mentions de production, publication, diffusion et manufacture
Lieu de publication, production, distribution/diffusion, fabrication Strasbourg
214 #3 - Mentions de production, publication, diffusion et manufacture
Lieu de publication, production, distribution/diffusion, fabrication 67-Wasselonne
215 ## - Description physique
Dimensions 21 cm
225 ## - Collection
Complément du titre 9-12 ans
410 #0 - Collection
Identifiant de la notice bibliographique liée 47252827
410 #0 - Collection
Titre de l'oeuvre Les Cahiers théâtre (Strasbourg)
ISSN 3039-5577
Numéro de volume 6
686 ## - Autres numéros de classification
Indice 802
Code du format utilisé Cadre de classement de la Bibliographie nationale française
700 ## - Auteur principal
Identifiant de la notice d'autorité 17010341
Identifiant international normalisé pour les noms ISNI0000000453442945
Code de fonction Auteur
801 #0 - Origine de la notice
Pays FR
Agence de catalogage FR-751131015
Date de la transaction 20230130
Règles de catalogage utilisées AFNOR
Identifiant d'origine FRBNF471773840000003
Code du format utilisé intermrc
000 -Etiquette de la notice
Leader 02048cam a2200445 4500
003 - Identifiant de la notice
Identifiant http://catalogue.bnf.fr/ark:/12148/cb47177384f
005 - Identifiant de la version
Identifiant 20260114113238.0
020 ## - Numéro de l'agence bibliographique nationale
Code de pays France
Indice 02335845
073 #0 - EAN
Numéro normalisé 9782957958153
Holdings
Exclu du prêt Date de création Site actuel Code barre Date prix de remplacement Cote Statut Site de rattachement Type de document Koha
  14.01.2026 Théâtre Joliette JOL 007704 14.01.2026 TH COR 10   Théâtre Joliette Livre